000 01698nam a2200361 a 4500
001 ebr10051607
003 CaPaEBR
006 m u
007 cr cn|||||||||
008 020517s2002 nyua sb 101 0 eng d
020 _z0306470977 (electronic bk.)
040 _aCaPaEBR
_cCaPaEBR
035 _a(OCoLC)50174993
050 1 4 _aTK5103.59.
_b.I55 1998ebeb
082 0 4 _a621.382/7
_221
111 2 _aInternational Conference on Quantum Communication, Measurement, and Computing
_n(4th :
_d1998 :
_cNorthwestern University)
245 1 0 _aQuantum communication, computing and measurement 2
_h[electronic resource] /
_cedited by P. Kumar, G.M. D'Ariano, O. Hirota.
260 _aNew York :
_bKluwer Academic,
_cc2002.
300 _axviii, 534 p. :
_bill.
500 _aProceedings of the Fourth International Conference on Quantum Communication, Measurement,and Computing, held August 22-27, 1998, in Northwestern University, Evanston, Illinois.
504 _aIncludes bibliographical references and index.
533 _aElectronic reproduction.
_bPalo Alto, Calif. :
_cebrary,
_d2013.
_nAvailable via World Wide Web.
_nAccess may be limited to ebrary affiliated libraries.
650 0 _aOptical communications
_vCongresses.
650 0 _aQuantum optics
_vCongresses.
650 0 _aQuantum electronics
_vCongresses.
650 0 _aQuantum computers
_vCongresses.
655 7 _aElectronic books.
_2local
700 1 _aKumar, Prem.
700 1 _aD'Ariano, G. M.
_q(Giacomo M.)
700 1 _aHirota, O.
_q(Osamu),
_d1948-
710 2 _aebrary, Inc.
856 4 0 _uhttp://site.ebrary.com/lib/rucke/Doc?id=10051607
_zAn electronic book accessible through the World Wide Web; click to view
999 _c170405
_d170405